| 000 | 00931nam a2200253 i 4500 | ||
|---|---|---|---|
| 001 | 114206 | ||
| 003 | ES-MaACL | ||
| 005 | 20251202151227.0 | ||
| 007 | t| | ||
| 008 | 061121s1910 sp r ||||1| spa d | ||
| 100 | 1 |
_aNourrisson, Jean Félix. _986038 |
|
| 245 | 1 | 0 |
_aMaquiavelo / _cJean Félix Nourrisson ; traducción de Luis de Terán. |
| 260 |
_aMadrid : _bLa España Moderna, _c[ca.1910] ( _fGabriel L. Horno) |
||
| 300 |
_a154 p. ; _c23 cm. |
||
| 490 | 1 | _aBiblioteca de Jurisprudencia, Filosofia e Historia | |
| 530 | _aDisponible en formato digital. | ||
| 600 | 1 | 4 |
_aMachiavelli, Niccolò, _d1469-1527 _975181 |
| 700 | 1 |
_aTerán, Luis de, _d1864-1935 _9109725 |
|
| 830 | 0 | 0 |
_aBiblioteca de jurisprudencia, filosofía e historia _9180691 |
| 852 |
_aES-MaACL _jF-14773 _cSPD2 |
||
| 856 | 4 |
_uhttp://bdh-rd.bne.es/viewer.vm?id=0000225502&page=1 _y(Biblioteca Digital Hispánica) |
|
| 942 | _2udc | ||
| 999 |
_c114206 _d114206 |
||